Match the AI Image to the Prompt - Statistics

General Stats
  • This quiz has been taken 27 times
  • The average score is 9 of 15
Answer Stats
Hint Answer % Correct
Ryan Gosling in Medieval Times
79%
Harry Truman Doing Fortnite Dances
74%
Alfred Hitchcock Gangnam Style Dance
68%
High Impact Projectile Sobbing
68%
The Ghost of Bobby Fischer
68%
Pessi, The Ghost of Paris
63%
Tyrannical English Teacher
63%
Lynchian Performance at Talent Show
58%
The Cure vs The Smiths Dance Battle
58%
Horrible Smell Keeping Students Awake
53%
Jiwoo Jang
47%
Lou Reed Public Violence
47%
Ned Kelly Youtube Face Reveal
47%
Einstein Modelling for Vogue
37%
Mathew Leckie (He's Got That Dog In Him)
32%
No matching quizzes found
Score Distribution
Percent of People with Each Score
Percentile by Number Answered
Your Score History
You have not taken this quiz